Statistical techniques in business & economics / (Record no. 47973)
[ view plain ]
| 000 -LEADER | |
|---|---|
| fixed length control field | 00688nam a22001817a 4500 |
| 008 - FIXED-LENGTH DATA ELEMENTS--GENERAL INFORMATION | |
| fixed length control field | 170118b xxu||||| |||| 00| 0 eng d |
| 020 ## - INTERNATIONAL STANDARD BOOK NUMBER | |
| International Standard Book Number | 9780072961287 |
| 050 ## - LIBRARY OF CONGRESS CALL NUMBER | |
| Classification number | HA29 |
| Item number | .L56 2005 |
| 100 ## - MAIN ENTRY--PERSONAL NAME | |
| Personal name | Lind, Douglas A |
| 245 ## - TITLE STATEMENT | |
| Title | Statistical techniques in business & economics / |
| Statement of responsibility, etc | Douglas A. Lind, William G. Marchal, Samuel A. Wathen |
| 260 ## - PUBLICATION, DISTRIBUTION, ETC. (IMPRINT) | |
| Place of publication, distribution, etc | Boston : |
| Name of publisher, distributor, etc | McGraw-Hill Irwin, |
| Date of publication, distribution, etc | 2005 |
| 300 ## - PHYSICAL DESCRIPTION | |
| Extent | xv, 800 p. : |
| Other physical details | col. ill. ; |
| Dimensions | 28 cm. |
| Accompanying material | 1 CD-ROM (4 3/4 in.) |
| 500 ## - GENERAL NOTE | |
| General note | Includes index |
| 650 ## - SUBJECT ADDED ENTRY--TOPICAL TERM | |
| Source of heading or term | Social sciences Commercial statistics |
| General subdivision | Statistical methods Economics,Statistical methods |
| 700 ## - ADDED ENTRY--PERSONAL NAME | |
| Personal name | Marchal, William G |
| 700 ## - ADDED ENTRY--PERSONAL NAME | |
| Personal name | Wathen, Samuel Adam |
| 942 ## - ADDED ENTRY ELEMENTS (KOHA) | |
| Source of classification or shelving scheme | Library of Congress Classification |
| Item type | Book |
| Withdrawn status | Lost status | Source of classification or shelving scheme | Damaged status | Not for loan | Collection code | Home library | Current library | Shelving location | Date acquired | Source of acquisition | Cost, normal purchase price | Full call number | Barcode | Copy number | Price effective from | Koha item type | Serial Enumeration / chronology |
|---|---|---|---|---|---|---|---|---|---|---|---|---|---|---|---|---|---|
| Library of Congress Classification | Non-fiction | Nairobi Campus | Nairobi Campus | General Circulation | 18/01/2017 | Donation-BFA | 2000.00 | HA29 .L56 2005 | 049487 | 1 | 18/01/2017 | Book | |||||
| Library of Congress Classification | Not For Loan | Non-fiction | Nairobi Campus | Nairobi Campus | Processing Center | 18/01/2017 | Donation-BFA | HA29 .L56 2005 | 049489 | 2 | 18/01/2017 | Book | CD |